Entelektüelin kutsal kitabı: zihninizi canlandırın, eğitiminizi tamamlayın ve kültürlü insanlar arasında yerinizi alın (Record no. 19077)

000 -LEADER
fixed length control field 01265nmm a2200337 a 4500
001 - CONTROL NUMBER
control field ocm0002015668
003 - CONTROL NUMBER IDENTIFIER
control field TR-IsHL
005 - DATE AND TIME OF LATEST TRANSACTION
control field 20201028180314.0
008 - FIXED-LENGTH DATA ELEMENTS--GENERAL INFORMATION
fixed length control field 181207s2012 tu tur
007 - PHYSICAL DESCRIPTION FIXED FIELD--GENERAL INFORMATION
fixed length control field cr cn
020 ## - INTERNATIONAL STANDARD BOOK NUMBER
International Standard Book Number 9786055675424
035 ## - SYSTEM CONTROL NUMBER
System control number 2015668
-- (N$T)
050 04 - LIBRARY OF CONGRESS CALL NUMBER
Classification number CB151
Item number .K5319 2012
090 04 - LOCALLY ASSIGNED LC-TYPE CALL NUMBER (OCLC); LOCAL CALL NUMBER (RLIN)
Classification number (OCLC) (R) ; Classification number, CALL (RLIN) (NR) CB151
Local cutter number (OCLC) ; Book number/undivided call number, CALL (RLIN) .K5319 2012
100 1# - MAIN ENTRY--PERSONAL NAME
Personal name Kidder, David. S.
245 10 - TITLE STATEMENT
Title Entelektüelin kutsal kitabı: zihninizi canlandırın, eğitiminizi tamamlayın ve kültürlü insanlar arasında yerinizi alın
Medium [electronic resource] /
Statement of responsibility, etc. David. S. Kidder ; Noah D. Oppenheim ; çeviren: B. Asım Tüccar
250 ## - EDITION STATEMENT
Edition statement 1. Baskı
260 ## - PUBLICATION, DISTRIBUTION, ETC.
Place of publication, distribution, etc. İstanbul :
Name of publisher, distributor, etc. Maya Kitap,
Date of publication, distribution, etc. 2012
300 ## - PHYSICAL DESCRIPTION
Extent 372 p.
650 #4 - SUBJECT ADDED ENTRY--TOPICAL TERM
Topical term or geographic name entry element Tarih
650 #4 - SUBJECT ADDED ENTRY--TOPICAL TERM
Topical term or geographic name entry element History
650 #0 - SUBJECT ADDED ENTRY--TOPICAL TERM
Topical term or geographic name entry element Uygarlık
General subdivision Çok yönlü
650 #0 - SUBJECT ADDED ENTRY--TOPICAL TERM
Topical term or geographic name entry element Civilization
General subdivision Miscellanea
650 #0 - SUBJECT ADDED ENTRY--TOPICAL TERM
Topical term or geographic name entry element Entelektüel yaşam
General subdivision Çok yönlü
650 #0 - SUBJECT ADDED ENTRY--TOPICAL TERM
Topical term or geographic name entry element Intellectual life
General subdivision Miscellanea
650 #0 - SUBJECT ADDED ENTRY--TOPICAL TERM
Topical term or geographic name entry element Öğrenim ve burslar
General subdivision Çok yönlü
650 #0 - SUBJECT ADDED ENTRY--TOPICAL TERM
Topical term or geographic name entry element Learning and scholarship
General subdivision Miscellanea
650 #7 - SUBJECT ADDED ENTRY--TOPICAL TERM
Topical term or geographic name entry element SOCIAL SCIENCE / Anthropology / Cultural & Social
Source of heading or term bisacsh
700 1# - ADDED ENTRY--PERSONAL NAME
Personal name Oppenheim, Noah D.
856 40 - ELECTRONIC LOCATION AND ACCESS
Uniform Resource Identifier <a href="http://search.ebscohost.com/login.aspx?direct=true&scope=site&db=e011xww&AN=2015668">http://search.ebscohost.com/login.aspx?direct=true&scope=site&db=e011xww&AN=2015668</a>
Holdings
Withdrawn status Lost status Source of classification or shelving scheme Damaged status Not for loan Collection code Permanent Location Current Location Date acquired Total Checkouts Full call number Barcode Date last seen Price effective from Koha item type
        Online   Kıbrıs Amerikan Üniversitesi Kütüphanesi / American University of Cyprus Kıbrıs Amerikan Üniversitesi Kütüphanesi / American University of Cyprus 28.10.2020   CB151 .K5319 2012 2015668 28.10.2020 28.10.2020 E-Kitap
Devinim Yazılım Eğitim Danışmanlık tarafından Koha'nın orjinal sürümü uyarlanarak geliştirilip kurulmuştur.